00433nam a2200133Ia 4500008004100000082001500041100003300056245009600089260003900185300001600224520001100240650002800251700002000279230907s9999||||xx |||||||||||||| ||und|| a620.1bAHM aAhmad Bin Ayaz (00000274588) 0aPerformance Investigation of Novel Improved Cooking Stove Model for Cold Rural Population / aUSPCAS-E, NUST,bIslamabad :c2022 axiii, 71 p. aTH-415 aMS-TEE Thesis MS Thesis aDr Naveed Ahmed